| 000 | 00520cam a22001817i 4500 | ||
|---|---|---|---|
| 020 | _a9251086176 | ||
| 020 | _a9789251086179 | ||
| 040 | _cYDXCP | ||
| 082 | 0 | 4 | _a338 FAO 2014 C323 Or.1 |
| 245 | 0 | 0 |
_aFood and nutrition in numbers : _b2014. |
| 300 |
_aiii, 245 pages : _billustrations, maps ; _c19 cm |
||
| 500 | _a"I4175E/1/11.14"--Page 4 of cover. | ||
| 650 | 0 | _aFood supply | |
| 650 | 0 | _aNutrition | |
| 650 | 0 | _aMalnutrition | |
| 710 | 2 | _aFood and Agriculture Organization of the United Nations, | |
| 942 | _cAEDBB | ||
| 999 |
_c20525 _d20525 |
||